Liste CDM Maroc 2022 - Statistiques

Statistiques générales
  • Ce quiz a été pris 228 fois
  • Le résultat moyen est 16 sur 27
Statistiques - réponses
Hint Numéro Club Réponse % Correct
Gardien 1 Séville FC Bounou
96%
Défenseur 2 Paris Saint-Germain Hakimi
94%
Milieu 7 Chelsea FC Ziyech
85%
Défenseur 5 West Ham United Aguerd
80%
Milieu 17 Angers SCO Boufal
80%
Défenseur 3 Bayern Munich Mazraoui
80%
Milieu 4 ACF Fiorentina Amrabat
79%
Défenseur 6 Beşiktaş JK Saïss
77%
Milieu 8 Angers SCO Ounahi
76%
Milieu 14 Toulouse FC Aboukhlal
64%
Sélectionneur Équipe du Maroc Walid Regragui
63%
Défenseur 18 Real Valladolid El Yamiq
59%
Défenseur 20 Stade brestois 29 Dari
56%
Défenseur 25 Wydad AC Attiatallah
55%
Milieu 23 KRC Genk El Khannouss
55%
Attaquant 19 Séville FC En-Nesyri
55%
Attaquant 11 UC Sampdoria Sabiri
52%
Milieu 15 Standard de Liège Amallah
49%
Attaquant 21 SSC Bari Cheddira
48%
Attaquant 16 CA Osasuna Abde
42%
Milieu 10 Burnley FC Zaroury
40%
Défenseur 24 Qatar SC Benoun
39%
Gardien 22 Wydad AC Tagnaouti
36%
Gardien 12 Al Wehda Club El Kajoui
34%
Milieu 13 Queens Park Rangers Chair
33%
Milieu 26 Wydad AC Jabrane
29%
Attaquant 9 Ittihad FC Hamed-Allah
25%
Aucun quiz correspondant
Distribution des résultats
% des personnes avec chaque résultat
Percentile par nombre de réponses
Votre historique - résultats
Vous n’avez pas pris ce quiz